Glimpses of the world
| Main Author: | |
|---|---|
| Format: | Book |
| Published: |
Petaling Jaya :
Design Dimension Sdn.Bhd. ,
1993
|
| Subjects: |
MARC
| LEADER | 00000cam a2200000 7i4500 | ||
|---|---|---|---|
| 001 | 0000003193 | ||
| 002 | 000003450 | ||
| 005 | .0 | ||
| 020 | |a 9838720038 | ||
| 090 | 0 | 0 | |a 910.41 |b AHM |
| 100 | 0 | |a Ahmad Mustaffa Haji Babjee |f Tan Sri Dato | |
| 245 | 1 | 0 | |a Glimpses of the world |c A.Mustaffa Babjee |
| 260 | |a Petaling Jaya : |b Design Dimension Sdn.Bhd. , |c 1993 | ||
| 300 | |a 168p. : |b ill. ; |c 29cm. | ||
| 650 | 0 | 0 | |a Voyages and traves |y 1981- |
| 999 | |a 036794 |b BUKU |c MALAYSIANA |e PERPUSTAKAAN KOMUNITI PETALING JAYA | ||